000 00344nam a2200109Ia 4500
008 220216s9999 xx 000 0 und d
100 _aSimmonds N W
245 0 _aStrategy of rubber breeding
260 _bProceedings of the International Rubber Conference, Kuala Lumpur, Malaysia, V.3. 1985; p115-123
650 _aRubber breeding
942 _cJS
999 _c69390
_d69390